000 00784nam a22002417a 4500
003 UPN
005 20230306123743.0
008 230306s2021 sp| |||fr|||| 00| edspa d
020 _a9788413521664
040 _aMX-MxUPN
_bspa
050 4 _aP120 S48
_bM68 2021
100 1 _948083
_aMoure, Teresa
245 1 0 _aLingüística se escribe con a :
_bla perspectiva de género en las ideas sobre el lenguaje
260 _aMadrid :
_bCatarata,
_cc2021
300 _a349 páginas
490 0 _aLos libros de la catarata ;
_v815
650 0 _923991
_aLenguaje y lenguas
_xDiferencias sexuales
650 7 _946764
_aIncorporación de la perspectiva de género
650 0 _948088
_aMujeres lingüistas
902 _aVíctorGodínez/060323
942 _2lcc
_cLIBRO
999 _c209263
_d209263